1015 1452 1080 1789 1094 1635 1071 1118 1745 1635 1514 1427 1962 1226 1062 1924 1484 1016 1152 1361 1083 1795 1224 1286 1561 1665 1611 1524 1957 1941 1018 1095 1239 1067 1916 1639 1424 1153 1346 1619 1362 1982 1375 1546 1256 1350 1349 1777 1557 1981 1273 1471 1052 1346 1065 1306 1249 1400 1794 1957 1432 1325 1752 1370 1947 1781 1970 1917 1878 1421 1229 1369 1014 1102 1715 1859 1365 1928 1287 1425 1648 1453 1459 1639 1634 1278 1786 1340 1417 1609 1501 1277 1652 1983 1502 1172 1614 1767 1996 BCNSPRNW ULIB Ver.6.0+V

เปลี่ยนเป็นภาษาไทย

Change to English
 แสดงรายละเอียดบรรณานุกรม
  กลับหน้าหลัก

Brief Record : Get Marc (ISO 2709) : E-mail record : QR code < ปิดหน้าต่าง
LEADER : 00000nam 2200000uu 4500
001    13399122416
003     ULIB
008    020711s2539 th a 000 0 tha d
020    9746016962
099    นว.^bค431ว
100    ณัฐ ศาสตร์ส่องวิทย์
110    เพื่อนหนังสือ
245    วงกตมรณะ/^cณัฐ ศาสตร์ส่องวิทย์
250    พิมพ์ครั้งที่ 2
260    กรุงเทพฯ :^bเพื่อนหนังสือ,^c2539
300    275 หน้า
945    ^p90^l0^i013041
รายการนี้ยังไม่มีแท็ก
คุณยังไม่ได้ล็อกอิน คุณสามารถมีกิจกรรมร่วมกับเว็บไซต์ได้ แต่ต้องล็อกอินก่อน ::
  ล็อกอิน

รายการสื่อสารสนเทศ

ลำดับที่ ประเภท เลขเรียก/บาร์โค้ด สถานที่ สถานะ
1. นวนิยาย
นวนิยาย
นว. ค431ว ฉ.1 
  Barcode: 013041
ห้องสมุดวิทยาเขตสวรรค์ประชารักษ์
►นวนิยาย
บนชั้น
  ขอยืม

BibComment


ยังไม่เคยถูกคอมเมนท์

คอมเมนท์ทรัพยากรรายการนี้
  คอมเมนท์: วงกตมรณะ ณัฐ ศาสต..


 Copyright 2026. Bcnsprnw @Library